00254 a2200109 4500001000700000020000600007040001100013100002800024240004400052245003900096362000900135167964 a  cMagnum aCarvalho, Yara Maria de10aO mito da atividade fisica e saudelpor10aO mito da atividade fisica e saude0 a1899